| 000 | 01146nac a22002771u 4500 | ||
|---|---|---|---|
| 008 | 101007t xxu||||| |||| 00| 0 eng d | ||
| 010 | _a 2005058053 | ||
| 020 | _a007145828X | ||
| 020 | _a9780071458283 | ||
| 035 | _a(OCoLC)ocm62762303 | ||
| 082 | 0 | 0 |
_a695 _bGRI |
| 100 |
_aGriffin, C. W. _920188 |
||
| 245 | 1 | 0 |
_aManual of Low-Slope Roof Systems / _cC.W. Griffin, R.L. Fricklas. |
| 250 | _a4th ed. | ||
| 260 |
_aNew York : _bMcGraw-Hill, _c2006. |
||
| 300 |
_axvi, 598 p. : _bill. ; _c25 cm. |
||
| 500 | _aIncludes index. | ||
| 650 | 0 |
_aFlat roofs. _920189 |
|
| 650 | 0 |
_aRoofing. _920190 |
|
| 700 | 1 |
_aFricklas, R. L. _920191 |
|
| 856 | 4 | 2 |
_3Contributor biographical information _uhttp://www.loc.gov/catdir/enhancements/fy0668/2005058053-b.html |
| 856 | 4 | 2 |
_3Publisher description _uhttp://www.loc.gov/catdir/enhancements/fy0668/2005058053-d.html |
| 856 | 4 | 2 |
_3Table of contents only _uhttp://www.loc.gov/catdir/enhancements/fy0668/2005058053-t.html |
| 942 |
_cBB _k695GRI _2ddc |
||
| 999 |
_c3912 _d3912 |
||